10 najbliszych gwiazd do słońca - Statystyki

Ogólne statystyki
  • Ten quiz został rozwiązany 6 razy
  • Średni wynik to 5 z 10
Statystyki odpowiedzi
Gwiazda % Poprawnych
Proxima Centauri
100%
Alpha Centauri A
80%
Alpha Centauri B
80%
Sirius A
80%
Sirius B
80%
Gwiazda Barnarda
20%
Lalande 21185
20%
Ross 154
20%
Ross 248
20%
Wolf 359
20%
Nie znaleziono quizów pasujących do podanych kryteriów
Rozkład punktacji
Procent ludzi z każdym wynikiem
Percentyl według liczby udzielonych odpowiedzi
Twoja historia wyników
Nie rozwiązałeś tego quizu